000 00312nam a22001337a 4500
008 181105b xxu||||| |||| 00| 0 eng d
020 _a9780131485273
041 _aeng
080 _a574
100 _a9
101 _aMJE
245 _aQuantitative Reasoning and the Environment
_cLangkamp,G
942 _2udc
_cBK
999 _c51786
_d51786